| 000 -LEADER |
| fixed length control field |
00645nam a22001937a 4500 |
| 005 - DATE AND TIME OF LATEST TRANSACTION |
| control field |
20240926110111.0 |
| 008 - FIXED-LENGTH DATA ELEMENTS--GENERAL INFORMATION |
| fixed length control field |
240926s2024 eng||||| |||| 00| 0 eng d |
| 020 ## - INTERNATIONAL STANDARD BOOK NUMBER |
| International Standard Book Number |
9781032381510x |
| 041 ## - LANGUAGE CODE |
| Language code of text/sound track or separate title |
eng |
| 080 ## - UNIVERSAL DECIMAL CLASSIFICATION NUMBER |
| Universal Decimal Classification number |
5045.5:574 |
| 100 ## - MAIN ENTRY--PERSONAL NAME |
| Personal name |
Gupta, Pankaj |
| 9 (RLIN) |
23290 |
| 245 ## - TITLE STATEMENT |
| Title |
Environmental Toxicology / |
| Statement of responsibility, etc. |
Pankaj Gupta, Amit Chanjta, Yogesh Mehta. |
| 264 ## - PRODUCTION, PUBLICATION, DISTRIBUTION, MANUFACTURE, AND COPYRIGHT NOTICE |
| Place of production, publication, distribution, manufacture |
Boca Raton : |
| Name of producer, publisher, distributor, manufacturer |
CRC Press, |
| Date of production, publication, distribution, manufacture, or copyright notice |
2024. |
| 300 ## - PHYSICAL DESCRIPTION |
| Extent |
332 p.; |
| Other physical details |
25 cm. |
| 653 ## - INDEX TERM--UNCONTROLLED |
| keyword |
გარემოს ტოქსიკოლოგია |
| 700 ## - ADDED ENTRY--PERSONAL NAME |
| Personal name |
Chanjta, Amit |
| Relator term |
ავტორი |
| 9 (RLIN) |
23291 |
| 700 ## - ADDED ENTRY--PERSONAL NAME |
| Personal name |
Mehta, Yogesh |
| Relator term |
ავტორი |
| 9 (RLIN) |
23292 |
| 942 ## - ADDED ENTRY ELEMENTS (KOHA) |
| Source of classification or shelving scheme |
|
| Koha item type |
წიგნი |